| Tag |
First Indicator |
Second Indicator |
Subfields |
| LEADER |
00000cam a2200000 i 4500 |
| 001 |
in00000691965 |
| 005 |
20151016051559.0 |
| 008 |
800808s1970 cauaf 00100 eng d |
| 035 |
|
|
|a (OCoLC)06601279
|
| 035 |
|
|
|9 ADB2284AM
|
| 040 |
|
|
|a TXA
|c TXA
|d UtOrBLW
|
| 049 |
|
|
|a [Curr Col] TXAM
|c 1 [1559209], 2 [1559210], 3 [1559211], 4 [1559212], 5 [1559213]
|c 1,guide [1559214]
|
| 090 |
|
|
|a PN6014
|b .L55
|
| 245 |
0 |
0 |
|a Like it is /
|c [compiled by] Bethel Bodine [and others] ; Mary Frances Everhart, Ellen Newman, Jesse Perry, consulting editors.
|
| 264 |
|
1 |
|a Menlo Park, Calif. :
|b Addison-Wesley Pub. Co.,
|c [1970]
|
| 264 |
|
4 |
|c ©1970
|
| 300 |
|
|
|a 184 pages :
|b illustrations, plates (some color) ;
|c 20 cm.
|a & teachers' guide (100 pages ; 23 cm.)
|
| 336 |
|
|
|a text
|b txt
|2 rdacontent
|
| 337 |
|
|
|a unmediated
|b n
|2 rdamedia
|
| 338 |
|
|
|a volume
|b nc
|2 rdacarrier
|
| 490 |
1 |
|
|a The voices of man literature series
|
| 500 |
|
|
|a Cover title: Voices of man : like it is.
|
| 500 |
|
|
|a Gr. 7.
|
| 500 |
|
|
|a Includes index.
|
| 650 |
|
0 |
|a Literature
|v Collections.
|
| 650 |
|
0 |
|a Readers.
|
| 700 |
1 |
|
|a Bodine, Bethel.
|
| 740 |
0 |
|
|a Voices of man : like it is.
|
| 830 |
|
0 |
|a Voices of man literature series.
|
| 999 |
|
|
|a MARS
|
| 999 |
f |
f |
|s 5e22c3ea-0d03-30f5-9ae3-e12a6174a906
|i a56baf11-5ed5-3621-ba7c-e50c998c2614
|t 0
|
| 952 |
f |
f |
|p ric
|a Texas A&M University
|b Rellis Campus
|c Joint Library Facility
|d Remote Storage
|t 0
|e PN6014 .L55
|h Library of Congress classification
|i unmediated -- volume
|k Student ed.
|m A14800266166
|
| 952 |
f |
f |
|p ric
|a Texas A&M University
|b Rellis Campus
|c Joint Library Facility
|d Remote Storage
|t 0
|e PN6014 .L55
|h Library of Congress classification
|i unmediated -- volume
|k Teachers Guide
|m A14800266174
|
| 998 |
f |
f |
|a PN6014 .L55
|s Teachers Guide
|t 0
|l Remote Storage
|